Bundesminister Deutschlands (Stand 2023) - Statistiken

Allgemein
  • Dieses Quiz wurde 164 mal gespielt
  • Das Durchschnittsergebnis liegt bei 11 aus 16
Antwortstatistiken
Hint Antwort % Korrekt
Bundesministerin des Auswärtigen Annalena Baerbock
97%
Bundesminister der Finanzen Christian Lindner
97%
Bundesminister für Wirtschaft und Klimaschutz Robert Habeck
96%
Bundesminister der Verteidigung Boris Pistorius
89%
Bundesminister für Gesundheit Karl Lauterbach
89%
Bundesminister für Ernährung und Landwirtschaft Cem Özdemir
88%
Bundesminister für Arbeit und Soziales Hubertus Heil
79%
Bundesministerin des Innern und für Heimat Nancy Faeser
76%
Bundesminister für Digitales und Verkehr Volker Wissing
73%
Bundesminister der Justiz Marco Buschmann
66%
Bundesministerin für Familie, Senioren, Frauen und Jugend Lisa Paus
38%
Bundesministerin für Bildung und Forschung Bettina Stark-Watzinger
37%
Bundesministerin für Wohnen, Stadtentwicklung und Bauwesen Klara Geywitz
35%
Bundesministerin für Umwelt, Naturschutz, nukleare Sicherheit und Verbraucherschutz Steffi Lemke
35%
Bundesministerin für wirtschaftliche Zusammenarbeit und Entwicklung Svenja Schulze
35%
Bundesminister für besondere Aufgaben Wolfgang Schmidt
28%
Keine übereinstimmenden Quizze gefunden
Verteilung der Resultate
Anzahl Personen mit jedem Resultat
Perzentil nach korrekt beantworteten Fragen
Ihre Resultats-Entwicklung
Sie haben dieses Quiz noch nicht gespielt